|
|
|
|
| LEADER |
00000nam a22000007a 4500 |
| 005 |
2021090808238.0 |
| 007 |
cr|||| |||| |
| 008 |
210908s2018 co |||||s|||| 00||0 spa d |
| 020 |
|
|
|a 978-958-762-861-6
|
| 035 |
|
|
|a 33431
|
| 040 |
|
|
|a vLex
|
| 090 |
|
|
|c 12336
|d 12336
|
| 100 |
1 |
|
|a Maldonado Pinto, Jorge Enrique
|
| 245 |
1 |
0 |
|a Metodologa̕ de la Investigacin̤ Social
|h [Recurso electrn̤ico] :
|b Paradigmas: cuantitativo, sociocrt̕ico, cualitativo, complementario /
|c Jorge Enrique Maldonado Pinto
|
| 256 |
|
|
|a Servicio en ln̕ea
|
| 260 |
|
|
|a Bogot:̀
|b Ediciones de la U,
|c 2018
|
| 300 |
|
|
|a 1 recurso electrn̤ico
|
| 500 |
|
|
|a Al incursionar en el fabuloso mundo de la investigacin̤ nos encontramos con que la Epistemologa̕ es fundamental para la comprensin̤ de los diferentes enfoques, as ̕observamos que si queremos realizar una investigacin̤ de tipo cuantitativa, es decir, nuestro props̤ito consiste en la medicin̤ y valoracin̤ de las variables objeto de estudio, necesariamente debemos pensar en las corrientes filosf̤icas como el racionalismo, el materialismo cientf̕ico y el positivismo y su gran aporte a la ciencia; si nos decidimos por el enfoque paradigmt̀ico cualitativo, siendo nuestro props̤ito analizar e interpretar comportamientos culturales de las comunidades o grupos sociales, necesariamente debemos recordar las enseąnzas de las corrientes filosf̤icas fenomenolg̤ica y neopositivista, teniendo en cuenta la categorizacin̤ de los datos obtenidos de casos particulares ya sea por tčnicas como las entrevistas abiertas, grupos focales, dil̀ogos con los informantes claves, registrados en diarios de campo, grabaciones de audio, videos, fotografa̕s y otro medio tecnolg̤ico por el cual obtengamos la recoleccin̤ de la informacin̤ nos permite a travš del anl̀isis y la interpretacin̤ llegar a producir teora̕s donde el concepto de intersubjetividad puede lograr el consenso y una validez intersubjetiva, como otra opcin̤ para producir conocimiento.
|
| 506 |
1 |
|
|a Disponible solo en los productos indicados
|d vLex Global
|d vLex Global (Academic Edition, excluding Law Schools)
|d vLex Global (U.S. Academic Edition, Law Schools)
|d vLex Global (U.S. Academic Edition, excluding Law Schools)
|d vLex Global (Academic Edition, Law Schools)
|
| 650 |
0 |
4 |
|a Educacin̤
|z Colombia
|
| 740 |
0 |
|
|a vLex Libros (Servicio en ln̕ea)
|
| 856 |
4 |
0 |
|u https://app.vlex.com/#/sources/33431
|z Acceso restringido
|
| 942 |
|
|
|c BOOK
|
| 999 |
0 |
|
|a Education
|